Norwich City Squad 2003–04 First Division Season - Statistics

General Stats
  • This quiz has been taken 6 times
    5 since last reset
  • The average score is 13 of 27
Answer Stats
Answer % Correct
Adam Drury
100%
Craig Fleming
100%
Darren Huckerby
100%
Malky Mackay
100%
Peter Crouch
100%
Robert Green
100%
Damien Francis
80%
Iwan Roberts
80%
Leon McKenzie
60%
Philip Mulryne
60%
Alex Notman
40%
Gary Holt
40%
Jason Shackell
40%
Jim Brennan
40%
Mathias Svensson
40%
Paul McVeigh
40%
Clint Easton
20%
David Nielsen
20%
Elvis Hammond
20%
Ian Henderson
20%
Kevin Harper
20%
Marc Edworthy
20%
Mark Rivers
20%
Nigel Worthington
20%
Ryan Jarvis
20%
Keith Briggs
0%
Zema Abbey
0%
No matching quizzes found
Score Distribution
Percent of People with Each Score
Percentile by Number Answered
Your Score History
You have not taken this quiz since the last reset